Что век текущий приготовил? Менеджмент XXI века - продолжение краткого обзора основных тенденций; Методы менеджмента качества; № 1

מידע ביבליוגרפי
Parent link:Методы менеджмента качества: научно-технический журнал/ Всероссийская организация качества (ВОК).— , 1999-.— 0130-6898
№ 1.— 2004.— С. 10-11
מחבר ראשי: Адлер Ю. П.
מחברים אחרים: Аронов И. З., Шпер В. Л.
שפה:רוסית
יצא לאור: 2004
נושאים:
פורמט: MixedMaterials Book Chapter
KOHA link:https://koha.lib.tpu.ru/cgi-bin/koha/opac-detail.pl?biblionumber=390755

MARC

LEADER 00000naa2a2200000 4500
001 390755
005 20231101064015.0
035 |a (RuTPU)RU\TPU\prd\24111 
090 |a 390755 
100 |a 20040322a2004 k y0rusy50 ca 
101 0 |a rus 
102 |a RU 
200 1 |a Что век текущий приготовил? Менеджмент XXI века - продолжение краткого обзора основных тенденций  |f Ю. П. Адлер, И. З. Аронов, В. Л. Шпер 
320 |a Библиогр.: 7 назв. 
461 1 |0 (RuTPU)RU\TPU\prd\1635  |x 0130-6898  |t Методы менеджмента качества  |o научно-технический журнал  |f Всероссийская организация качества (ВОК)  |d 1999- 
463 1 |0 (RuTPU)RU\TPU\prd\23599  |t № 1  |v С. 10-11  |d 2004 
610 1 |a менеджмент 
610 1 |a активное производство 
610 1 |a бережливое производство 
610 1 |a бенчмаркинг 
610 1 |a реинженеринг 
610 1 |a информационные технологии 
700 1 |a Адлер  |b Ю. П. 
701 1 |a Аронов  |b И. З. 
701 1 |a Шпер  |b В. Л. 
801 1 |a RU  |b 63413507  |c 20040322  |g PSBO 
801 2 |a RU  |b 63413507  |c 20130520  |g RCR 
942 |c BK